000 00366nam a2200145Ia 4500
008 230711s9999||||xx |||||||||||||| ||und||
041 _aENG
082 _a621
_bGO-C
100 _aBeedle,Lynn S
245 0 _aAdvances in Tall Buildings
250 _a1st . Ed.
260 _c1992
_aNew York
_bVan Nostrand Reinhold Co.
650 _aElectronics Engineering
942 _cBK
999 _c474
_d474